MARC details
| 000 -CABECERA |
| campo de control de longitud fija |
02331nam a22004457a 4500 |
| 001 - NÚMERO DE CONTROL |
| campo de control |
BRCA_9239 |
| 003 - IDENTIFICADOR DEL NÚMERO DE CONTROL |
| campo de control |
FranzMayer |
| 005 - FECHA Y HORA DE LA ÚLTIMA TRANSACCIÓN |
| campo de control |
20221004160329.0 |
| 008 - DATOS DE LONGITUD FIJA--INFORMACIÓN GENERAL |
| campo de control de longitud fija |
220930b |||||||| |||| 00| 0 eng d |
| 020 ## - NÚMERO INTERNACIONAL ESTÁNDAR DEL LIBRO |
| Número Internacional Estándar del Libro |
9786076055298 |
| 040 ## - FUENTE DE LA CATALOGACIÓN |
| Lengua de catalogación |
spa |
| Centro/agencia transcriptor |
MFM |
| 041 ## - CÓDIGO DE LENGUA |
| Código de lengua del texto/banda sonora o título independiente |
spa |
| 050 ## - SIGNATURA TOPOGRÁFICA DE LA BIBLIOTECA DEL CONGRESO |
| Número de clasificación |
N6537.C8 |
| Número de documento/Ítem |
L46 2018 |
| 245 ## - MENCIÓN DE TÍTULO |
| Título |
Leonora Carrington : |
| Resto del título |
cuentos mágicos |
| 260 ## - PUBLICACIÓN, DISTRIBUCIÓN, ETC. |
| Lugar de publicación, distribución, etc. |
México : |
| Nombre del editor, distribuidor, etc. |
Secretaría de Cultura, |
| Fecha de publicación, distribución, etc. |
2018 |
| 260 ## - PUBLICACIÓN, DISTRIBUCIÓN, ETC. |
| Lugar de publicación, distribución, etc. |
México : |
| Nombre del editor, distribuidor, etc. |
Instituto Nacional de Bellas Artes / Museo del Palacio de Bellas Artes, |
| Fecha de publicación, distribución, etc. |
2018 |
| 300 ## - DESCRIPCIÓN FÍSICA |
| Extensión |
482 pp. : |
| Otras características físicas |
il. fot. ; |
| Dimensiones |
24 x 31 cm. |
| 490 ## - MENCIÓN DE SERIE |
| Mención de serie |
Galería y Museos |
| 500 ## - NOTA GENERAL |
| Nota general |
Libro de la exposición "Leonora Carrington: Cuentos mágicos" que se presentó en el Museo de Arte Moderno de la Ciudad de México (21 de abril - 23 de septiembre 2018) |
| 505 ## - NOTA DE CONTENIDO CON FORMATO |
| Título |
Introducción / |
| Mención de responsabilidad |
Tere Arcq y Stefan van Raay |
| 505 ## - NOTA DE CONTENIDO CON FORMATO |
| Título |
La joven artista. Francia y Nueva York, 1937-1942 / |
| Mención de responsabilidad |
Stefan van Raay con aportaciones de Joana Moorhead |
| 505 ## - NOTA DE CONTENIDO CON FORMATO |
| Título |
Las dos Leonoras: Leonora Carrington y Leonora Fini, St. Martin D' Ardèche, 1938-1941 / |
| Mención de responsabilidad |
Whitney Chadwick |
| 505 ## - NOTA DE CONTENIDO CON FORMATO |
| Título |
En su viaje hacia lo desconocido, Leonora Carrington pasó por Nueva York / |
| Mención de responsabilidad |
Salomon Grimberg |
| 505 ## - NOTA DE CONTENIDO CON FORMATO |
| Título |
A mayor sombra, mayor luminosidad / |
| Mención de responsabilidad |
Jaime Moreno Villarreal |
| 505 ## - NOTA DE CONTENIDO CON FORMATO |
| Título |
El exilio en México / |
| Mención de responsabilidad |
Marisol Argüelles |
| 505 ## - NOTA DE CONTENIDO CON FORMATO |
| Título |
"Queridísimo Edward" ; "Mi Leonora adorada" / |
| Mención de responsabilidad |
Stefan van Raay |
| 505 ## - NOTA DE CONTENIDO CON FORMATO |
| Título |
El misterio de la Diosa Blanca / |
| Mención de responsabilidad |
Tere Arcq |
| 505 ## - NOTA DE CONTENIDO CON FORMATO |
| Título |
Descubriendo lo sagrado: religiones mundiales y mitos antiguos / |
| Mención de responsabilidad |
Terri Geis |
| 505 ## - NOTA DE CONTENIDO CON FORMATO |
| Título |
México: el espejo de lo maravilloso / |
| Mención de responsabilidad |
Tere Arcq |
| 505 ## - NOTA DE CONTENIDO CON FORMATO |
| Título |
El reino animal / |
| Mención de responsabilidad |
Susan L. Aberth |
| 505 ## - NOTA DE CONTENIDO CON FORMATO |
| Título |
El bestiario de Leonora / |
| Mención de responsabilidad |
Gabriel Weisz Carrington |
| 505 ## - NOTA DE CONTENIDO CON FORMATO |
| Título |
La imaginación en la narrativa de Leonora / |
| Mención de responsabilidad |
Marina Warner |
| 505 ## - NOTA DE CONTENIDO CON FORMATO |
| Título |
De historia, mito y transfiguración en celuloide de un imaginario fantástico / |
| Mención de responsabilidad |
Francisco Peredo Castro |
| 505 ## - NOTA DE CONTENIDO CON FORMATO |
| Título |
Una exorcista "ordinaria" / |
| Mención de responsabilidad |
Joanne Pottlitzer |
| 505 ## - NOTA DE CONTENIDO CON FORMATO |
| Título |
La historia perdida de las mujeres poderosas / |
| Mención de responsabilidad |
Gloria Orenstein |
| 505 ## - NOTA DE CONTENIDO CON FORMATO |
| Título |
Un gesto de asombro... / |
| Mención de responsabilidad |
Arturo López González |
| 600 ## - PUNTO DE ACCESO ADICIONAL DE MATERIA--NOMBRE DE PERSONA |
| Nombre de persona |
Carrington, Leonora, |
| Fechas asociadas al nombre |
1917-2011 |
| Subdivisión de forma |
Exposiciones |
| 9 (RLIN) |
28584 |
| 650 ## - PUNTO DE ACCESO ADICIONAL DE MATERIA--TÉRMINO DE MATERIA |
| Término de materia o nombre geográfico como elemento de entrada |
Arte |
| Subdivisión general |
Pintura |
| -- |
Escultura |
| -- |
Dibujo |
| 9 (RLIN) |
28585 |
| 942 ## - ELEMENTOS DE PUNTO DE ACCESO ADICIONAL (KOHA) |
| Fuente del sistema de clasificación o colocación |
Library of Congress Classification |
| Tipo de ítem Koha |
Libros |